Engineering economy (Record no. 1549)

000 -LEADER
fixed length control field 00674nam a22002294a 4500
001 - CONTROL NUMBER
control field 1549
003 - CONTROL NUMBER IDENTIFIER
control field BD-DhUET
008 - FIXED-LENGTH DATA ELEMENTS--GENERAL INFORMATION
fixed length control field 000424s2001 njua b 001 0 eng
020 ## - INTERNATIONAL STANDARD BOOK NUMBER
International Standard Book Number 013028128X
040 ## - CATALOGING SOURCE
Original cataloging agency DLC
Transcribing agency DLC
Modifying agency BD-DhUET
082 00 - DEWEY DECIMAL CLASSIFICATION NUMBER
Classification number 620.02
Item number THU/2001
100 ## - MAIN ENTRY--PERSONAL NAME
Personal name Thuesen, G. J.
245 10 - TITLE STATEMENT
Title Engineering economy
Statement of responsibility, etc. by G.J. Thuesen and W.J. Fabrycky
250 ## - EDITION STATEMENT
Edition statement 9th ed.
260 ## - PUBLICATION, DISTRIBUTION, ETC. (IMPRINT)
Place of publication, distribution, etc. New Jersy
Name of publisher, distributor, etc. Prentice Hall
Date of publication, distribution, etc. 2001
300 ## - PHYSICAL DESCRIPTION
Extent xiv, 637 p.
Other physical details ill.
Dimensions 25 cm.
490 ## - SERIES STATEMENT
Series statement Prentice hall international series in industrial and sytems engineering
504 ## - BIBLIOGRAPHY, ETC. NOTE
Bibliography, etc Includes bibliographies
650 #0 - SUBJECT ADDED ENTRY--TOPICAL TERM
Topical term or geographic name as entry element Engineering economy
700 1# - ADDED ENTRY--PERSONAL NAME
Personal name Fabrycky, W. J.
942 ## - ADDED ENTRY ELEMENTS (KOHA)
Koha item type General Book
Holdings
Koha item type Lost status Location (home branch) Koha full call number Koha date last borrowed Damaged status Shelving location Date acquired Sublocation or collection (holding branch) Withdrawn status Not for loan Source of classification or shelving scheme Piece designation (barcode) Copy number Price effective from Koha issues (times borrowed) Koha date last seen Koha normalized classification for sorting
General Book Central Library, BUET620.02/THU/2001  Circulation section2014-09-08Central Library, BUET   10259612014-09-08 2014-09-08620_000000000000000_02THU2001
General Book Central Library, BUET620.02/THU/2001  Circulation section2014-09-08Central Library, BUET   10259422014-09-08 2014-09-08620_000000000000000_02THU2001
General Book Central Library, BUET620.02/THU/20012021-11-29 Circulation section2014-09-08Central Library, BUET   10259032014-09-0812021-12-20620_000000000000000_02THU2001
General Book Central Library, BUET620.02/THU/2001  Circulation section2014-09-08Central Library, BUET   10259542014-09-08 2014-09-08620_000000000000000_02THU2001
General Book Central Library, BUET620.02/THU/2001  Circulation section2014-09-08Central Library, BUET   10258952014-09-08 2014-09-08620_000000000000000_02THU2001
General Book Central Library, BUET620.02/THU/2001  Circulation section2014-09-08Central Library, BUET   10258862014-09-08 2014-09-08620_000000000000000_02THU2001
General Book Central Library, BUET620.02/THU/20012022-03-21 Circulation section2014-09-08Central Library, BUET   10259282014-09-0822022-04-16620_000000000000000_02THU2001
General Book Central Library, BUET620.02/THU/2001  Circulation section2014-09-08Central Library, BUET   10259192014-09-08 2014-09-08620_000000000000000_02THU2001
General Book Central Library, BUET620.02/THU/2001  Circulation section2014-09-15Central Library, BUET   102593102014-09-15 2014-09-15620_000000000000000_02THU2001
General Book Central Library, BUET620.02/THU/20012021-12-04 Circulation section2014-09-27Central Library, BUET   101877112014-09-2732021-12-20620_000000000000000_02THU2001
General Book Central Library, BUET620.02/THU/2001  Circulation section2014-10-19Central Library, BUET   112838122014-10-19 2014-10-19620_000000000000000_02THU2001
General Book Central Library, BUET620.02/THU/2001  Circulation section2014-11-23Central Library, BUET   101878132014-11-23 2014-11-23620_020000000000000_THU_2001